000 00276nam a2200121 a 4500
008 101025s2009|||| d
100 1 _aMoro, Javier
245 1 0 _aIndická princezná
260 _bIkar
_aBratislava
_c2009
020 _c9,90
041 _aslo
044 _axo
_cSK
999 _c12167
_d12167